| 000 | 01360nac a22003491i 4500 | ||
|---|---|---|---|
| 003 | EG-ScBUE | ||
| 005 | 20250624085907.0 | ||
| 008 | 250619s2005 enka f b 001 0 eng d | ||
| 020 | _a0521017890 | ||
| 020 | _a9780521017893 | ||
| 040 |
_aEG-ScBUE _beng _erda _cEG-ScBUE _dEG-ScBUE |
||
| 082 | 0 | 4 |
_a537.6226 _bSCH _222 |
| 100 | 1 |
_aSchöll, E. _q(Eckehard), _d1951- _eauthor. |
|
| 245 | 1 | 0 |
_aNonlinear spatio-temporal dynamics and chaos in semiconductors / _cEckehard Schöll, Technische Universität, Berlin. |
| 250 | _aDigital printed first paperback version. | ||
| 264 | 1 |
_aCambridge : _bCambridge University Press, _c2005. |
|
| 300 |
_axiii, 406 pages : _billustrations ; _c26 cm. |
||
| 336 |
_2rdacontent _atext _btxt |
||
| 337 |
_aunmediated _2rdamedia _bn |
||
| 338 |
_avolume _bnc _2rdacarrier |
||
| 490 | 0 |
_aCambridge nonlinear science series ; _v10 |
|
| 504 | _aIncludes bibliographical references and index. | ||
| 650 | 7 |
_aHot carriers. _2BUEsh |
|
| 650 | 7 |
_aTransport theory. _2BUEsh |
|
| 650 | 7 |
_aNonlinear theories. _2BUEsh |
|
| 650 | 7 |
_aSemiconductors. _2BUEsh |
|
| 650 | 7 |
_aChaotic behavior in systems. _2BUEsh |
|
| 655 | _vReading book | ||
| 856 | 4 | 2 |
_3Publisher description _uhttp://www.loc.gov/catdir/description/cam021/00033701.html |
| 856 | 4 | 2 |
_3Table of contents _uhttp://www.loc.gov/catdir/toc/cam021/00033701.html |
| 942 |
_cBB _2ddc |
||
| 999 |
_c3818 _d3818 |
||